[Event "17th Open A"]
[Site "Zadar CRO"]
[Date "2010.12.14"]
[Round "4.3"]
[White "Fauland,A"]
[Black "Predojevic,B"]
[Result "1-0"]
[WhiteElo "2451"]
[BlackElo "2632"]

1.c4 c6 2.Nf3 d5 3.b3 Bg4 4.Bb2 e6 5.e3 Nd7 6.h3 Bh5 7.Be2 Ngf6 8.O-O Bd6
9.d3 Bxf3 10.Bxf3 Qe7 11.a3 h5 12.Re1 O-O-O 13.cxd5 exd5 14.Nd2 Ne5 15.Bxe5 Qxe5
16.d4 Qf5 17.Qb1 Qd7 18.b4 g5 19.Be2 g4 20.Bd3 Kb8 21.Bf5 Qe7 22.Qd3 Rhg8
23.hxg4 Nxg4 24.Nf3 Qf6 25.Kf1 Rde8 26.Rac1 a6 27.Rb1 Rg7 28.a4 Reg8 29.Rb2 Qd8
30.b5 cxb5 31.axb5 a5 32.b6 Bb4 33.Qb5 Bxe1 34.Nxe1 Rg5 35.Bxg4 hxg4 36.Qxa5 Kc8
37.Qa8+ Kd7 38.Qxb7+ Ke6 39.Nd3 Kf6 40.Ne5 Rf5 41.Qxf7+ Kg5 42.b7  1-0

[Event "48th ch-IND"]
[Site "New Delhi IND"]
[Date "2010.12.15"]
[Round "7"]
[White "Bakre,T"]
[Black "Debashis,D"]
[Result "1-0"]
[WhiteElo "2525"]
[BlackElo "2411"]

1.c4 c6 2.g3 d5 3.Nf3 Nf6 4.Bg2 Bg4 5.Ne5 Be6 6.cxd5 Bxd5 7.Nf3 Nbd7 8.Nc3 Bxf3
9.Bxf3 e5 10.O-O Bc5 11.e3 O-O 12.d4 Bb6 13.Bg2 Qe7 14.Qb3 Rad8 15.Na4 exd4
16.exd4 Bxd4 17.Qxb7 Ng4 18.Bf4 Nxf2 19.Nc3 g5 20.Bc1 Rb8 21.Qa6 Nd3+ 22.Kh1 N7c5
23.Qxc6 Nf2+ 24.Rxf2 Bxf2 25.Bd2 Bd4 26.Nd5 Qe6 27.Bxg5 Kg7 28.Qc7 Nd3 29.Rf1 Rfc8
30.Qa5 Nf2+ 31.Rxf2 Bxf2 32.Bf6+ Kf8 33.Qa3+ Bc5 34.Qc3 Ke8 35.h4 Qe2 36.Qa5 Bd6
37.Bc3 Rc4 38.Nf6+ Kf8 39.Nxh7+ Ke8 40.Nf6+ Kf8 41.Qg5 Rxc3 42.bxc3 Rb1+
43.Kh2 Rb2 44.Qg8+ Ke7 45.Nd5+ Kd7 46.Qxf7+ Kc8 47.Qg8+ Kd7 48.Nf6+ Ke7 49.Qg7+ Ke6
50.Qd7+ Kxf6 51.Qxd6+ Kg7 52.Qd4+ Kf8 53.Qc5+ Qe7 54.Qd5 Re2 55.a4 Re5 56.Qd4 Qc5
57.Qd8+ Kg7 58.Qd7+ Kf8 59.Qd3 Re3 60.Qd8+ Kg7 61.c4 Qe5 62.Qd7+ Kh6 63.Qg4 Rc3
64.Be4 Qf6 65.Bf5 Rc2+ 66.Kh3 Rf2 67.Be4 Rd2 68.Bf3 Rd3 69.Bg2 Rc3 70.Qe4 Qd6
71.Bf3 Qf6 72.Kg2 Qd6 73.Qe2 Rd3 74.Kh3 Rc3 75.Kg2 Kg7 76.Qe4 Qd2+ 77.Kh3 Qd7+
78.Kh2 Qd2+ 79.Bg2 Qd6 80.Qg4+ Kf8 81.Bd5 Qf6 82.Qg8+ Ke7 83.Qh7+ Kd6 84.Qxa7 Rc2+
85.Bg2 Qc3 86.Qb6+ Ke7 87.Qc7+ Ke6 88.Qc6+ Ke7 89.Qe4+ Kf6 90.Qc6+ Ke7 91.Qb7+ Kd6
92.Qd5+ Ke7 93.a5 Qxc4 94.Qb7+  1-0

[Event "17th Open A"]
[Site "Zadar CRO"]
[Date "2010.12.15"]
[Round "5.2"]
[White "Cebalo,M"]
[Black "Shengelia,D"]
[Result "0-1"]
[WhiteElo "2495"]
[BlackElo "2578"]

1.c4 c6 2.g3 d5 3.Nf3 Nf6 4.Bg2 dxc4 5.Na3 Be6 6.Ng5 Bd5 7.e4 h6 8.exd5 hxg5
9.dxc6 Nxc6 10.Nxc4 e6 11.O-O Be7 12.d4 Nd5 13.Ne3 Qd7 14.Nxd5 exd5 15.Be3 f5
16.Rc1 O-O-O 17.b4 Kb8 18.a3 f4 19.b5 Na5 20.gxf4 Bd6 21.Qf3 Rdf8 22.Rfd1 gxf4
23.Bd2 Nb3 24.Bb4 Nxc1 25.Qxd5 Ne2+ 26.Kf1 Rf6 27.Kxe2 Qe6+ 28.Kd3 Rh3+ 29.Kc4 Qe2+  0-1

[Event "Bansko Grand Chess Open"]
[Site "Bansko BUL"]
[Date "2010.12.17"]
[Round "7.10"]
[White "Mastrovasilis,A"]
[Black "Malikentzos,S"]
[Result "1-0"]
[WhiteElo "2556"]
[BlackElo "2312"]

1.c4 c6 2.Nf3 d5 3.d4 Nf6 4.Nc3 e6 5.Bg5 Nbd7 6.e3 Qa5 7.Nd2 Bb4 8.Qc2 O-O
9.Be2 c5 10.O-O cxd4 11.Nb3 Qb6 12.Na4 Qc7 13.Nxd4 dxc4 14.Bxc4 Ne5 15.Bxe6 Qxc2
16.Nxc2 Bxe6 17.Bxf6 Bd6 18.Bh4 Rac8 19.Nd4 Bc4 20.Rfd1 Rfe8 21.Nc3 Bb4 22.Ndb5 a6
23.Nd6 Bxd6 24.Rxd6 Be6 25.Rd4 Nc4 26.Ne4 Bf5 27.Ng3 Be6 28.b3 Na3 29.Rd2 f6
30.Ne2 Red8 31.Rad1 Rxd2 32.Rxd2 Rc2 33.Rxc2 Nxc2 34.Nc3 Nb4 35.e4 a5 36.Bg3 a4
37.Nxa4 Nxa2 38.Nc5 Bf7 39.Bc7 b5 40.f4 Nc1 41.b4 Bc4 42.Bd6 Kf7 43.Nb7 Nd3
44.f5 g6 45.g4 gxf5 46.gxf5 Ke8 47.Kg2 Kd7 48.Bf8 Ke8 49.Bc5 Kd7 50.Bd4 Nxb4
51.Bxf6 Nd3 52.Bd4 Ke7 53.Na5 Ne1+ 54.Kg3 Bd3 55.Kf4 Kd6 56.Nb7+ Kc6 57.Nd8+ Kd6
58.Nf7+ Ke7 59.Ng5 h6 60.Bc5+ Ke8 61.Nf3 Nc2 62.Nd4 Ne1 63.e5 Bc4 64.Ke3 Nd3
65.Bd6 Kd7 66.Nc2 Nb2 67.Nb4 Nd1+ 68.Kd4 Nf2 69.Bf8 h5 70.Nd5 Ke8 71.Ba3 Ng4
72.e6 Bxd5 73.Kxd5 Ne3+ 74.Ke4 Ng4 75.Kf4 Nf6 76.Kg5 Nd5 77.Bc5 Nc7 78.Kg6 h4
79.h3 b4 80.Bxb4 Nd5 81.Bd6  1-0

[Event "Moscow Teams"]
[Site "Moscow RUS"]
[Date "2010.12.18"]
[Round "6"]
[White "Novikov,St1"]
[Black "Gagarin,V"]
[Result "1-0"]
[WhiteElo "2565"]
[BlackElo "2435"]

1.c4 c6 2.b3 d5 3.Bb2 Bg4 4.g3 Nd7 5.Bg2 Ngf6 6.h3 Bh5 7.Nf3 e6 8.O-O Be7
9.d3 O-O 10.Nbd2 a5 11.a3 Nc5 12.Qc2 Nfd7 13.Bc3 Bf6 14.b4 axb4 15.axb4 Rxa1
16.Rxa1 Na6 17.Qb2 Qb6 18.Rb1 Bxf3 19.Nxf3 Bxc3 20.Qxc3 Ra8 21.Ra1 Qd8 22.Nd4 Nc7
23.Rxa8 Qxa8 24.b5 cxb5 25.cxd5 Nxd5 26.Bxd5 exd5 27.Nxb5 Qb8 28.Qd4 Nf6
29.Qb6 h6 30.Kg2 Qe8 31.e3 Qc6 32.Qd8+ Qe8 33.Qa5 Qd7 34.Qb4 Qf5 35.Nd6 Qxd3
36.Qxb7 Qg6 37.Qc8+ Kh7 38.Qc7 Kg8 39.Qd8+ Kh7 40.Qe7 Kg8 41.Qe5 h5 42.Nf5 Kh7
43.f3 Qg5 44.h4 Qg6 45.Kf2 Kh8 46.Ke2 Kh7 47.Kd2 Kh8 48.Kc3 Kh7 49.Ne7 Qb1
50.Qf5+ Qxf5 51.Nxf5 g6 52.Ne7 Kh6 53.Kd4 g5 54.Nxd5 gxh4 55.gxh4 Nd7 56.Ke4 Nc5+
57.Kf5 Nd3 58.Kf6 Ne1 59.f4 Ng2 60.Kxf7 Nxh4 61.e4 Ng6 62.f5 Ne5+ 63.Ke6 Nc6
64.Kf6 h4 65.Nf4 Kh7 66.e5 Kg8 67.e6 Kf8 68.Ng6+ Ke8 69.Nxh4 Kf8 70.Nf3 Ne7
71.Nd4 Ng8+ 72.Ke5 Kg7 73.Nc2 Nf6 74.Ne3 Nh5 75.Nd5 Kf8 76.f6  1-0

[Event "European Rapid Championship"]
[Site "Warsaw POL"]
[Date "2010.12.18"]
[Round "7"]
[White "Wojtaszek,R"]
[Black "Lintchevski,D"]
[Result "1-0"]
[WhiteElo "2726"]
[BlackElo "2532"]

1.c4 c6 2.Nf3 d5 3.e3 Nf6 4.Nc3 a6 5.d4 b5 6.b3 Bg4 7.Be2 Nbd7 8.O-O e6 9.h3 Bf5
10.Bb2 Qb8 11.Nh4 Bg6 12.Nxg6 hxg6 13.Rb1 g5 14.Bf3 Rh4 15.Re1 Bb4 16.a3 Bxc3
17.Bxc3 Kf8 18.cxd5 cxd5 19.Bb4+ Kg8 20.Rc1 a5 21.Be7 Ra7 22.Qc2 Nb6 23.Qc5 Rd7
24.Bxf6 gxf6 25.Qxb5 f5 26.Rc6 Rb7 27.Qxa5 g4 28.Be2 g3 29.f4 Na8 30.Qc5 Rc7  1-0

[Event "63rd ch-RUS"]
[Site "Moscow RUS"]
[Date "2010.12.19"]
[Round "8"]
[White "Grischuk,A"]
[Black "Potkin,V"]
[Result "1/2-1/2"]
[WhiteElo "2771"]
[BlackElo "2646"]

1.c4 c6 2.Nf3 d5 3.e3 Nf6 4.Qc2 g6 5.b3 Bg7 6.Bb2 O-O 7.Be2 Bf5 8.d3 dxc4
9.Qxc4 Nbd7 10.O-O c5 11.Nbd2 Rc8 12.Rfd1 a6 13.Qc2 b5 14.h3 Qb6 15.Rac1 Rfd8
16.Bf1 Nb8 17.a3 h6 18.Ba1 Nfd7 19.Bxg7 Kxg7 20.Ne4 Kg8 21.Nfd2 Ne5 22.Qc3 Nbd7
23.b4 cxb4 24.Qxb4 Nc6 25.Qb2 Na5 26.d4 Be6 27.Rc3 Bd5 28.Rdc1 Bb7 29.Qb4 Nc6
30.Qb2 Na5 31.Qb4 Nc6 32.Qb1 Na5 33.Rxc8 Rxc8 34.Rxc8+ Bxc8 35.Qb4 Nc6 36.Qc3 Bb7
37.Bd3 a5 38.Nc5 Nxc5 39.dxc5 b4 40.cxb6 bxc3 41.Nb1 Ne5 42.Bc2 Nc4  1/2-1/2

[Event "48th ch-IND"]
[Site "New Delhi IND"]
[Date "2010.12.20"]
[Round "11"]
[White "Suvrajit,S"]
[Black "Soumya,Sw"]
[Result "0-1"]
[WhiteElo "2392"]
[BlackElo "2332"]

1.c4 c6 2.Nf3 Nf6 3.d4 d5 4.Nc3 dxc4 5.a4 Bf5 6.Ne5 Nbd7 7.Nxc4 Qc7 8.Qd2 h6
9.f3 Bh7 10.e4 e5 11.dxe5 Nxe5 12.Nxe5 Qxe5 13.Qf4 Bd6 14.Qxe5+ Bxe5 15.Be3 O-O
16.Bc4 Rfd8 17.Ke2 Ne8 18.Rad1 Nd6 19.Bb3 b6 20.g4 Bg6 21.Rd2 Kf8 22.Na2 Nb7
23.Nc3 Ke7 24.h3 h5 25.Rc1 hxg4 26.hxg4 Rxd2+ 27.Kxd2 Rh8 28.Re1 Nc5 29.Bc2 Ne6
30.Kc1 Rh3 31.Rf1 f6 32.Ne2 Bf7 33.a5 c5 34.axb6 axb6 35.b3 g5 36.Kd2 Nd4
37.Bxd4 cxd4 38.Kd3 Be6 39.Nxd4 Bxg4 40.Bd1 Bd7 41.Kc4 Rh8 42.Nf5+ Kf7 43.Kb4 Rc8
44.Ka3 Ke6 45.Be2 b5 46.Rf2 Kf7 47.f4 b4+ 48.Ka2 Ra8+ 49.Kb1 Ra1+ 50.Kc2 Bxf4
51.Bc4+ Kg6 52.Ne7+ Kh5 53.Kd3 Kg4 54.Kd4 Rd1+ 55.Kc5 Kg3 56.Rf1 Bd6+ 57.Kb6 Rxf1  0-1

[Event "Amitan Memorial"]
[Site "Donetsk UKR"]
[Date "2010.12.21"]
[Round "2"]
[White "Kasparov,S"]
[Black "Savchenko,S"]
[Result "1/2-1/2"]
[WhiteElo "2484"]
[BlackElo "2539"]

1.c4 c6 2.Nf3 d5 3.e3 Nf6 4.d4 Bf5 5.Nc3 e6 6.Nh4 Bg6 7.Nxg6 hxg6 8.Bd2 Nbd7
9.Be2 Bd6 10.g3 Qe7 11.O-O O-O 12.c5 Bc7 13.f4  1/2-1/2

[Event "Schaakfestival Open A"]
[Site "Groningen NED"]
[Date "2010.12.22"]
[Round "2.14"]
[White "Van Oosterom,C"]
[Black "Ypma,P"]
[Result "1/2-1/2"]
[WhiteElo "2426"]
[BlackElo "2080"]

1.c4 c6 2.e4 d5 3.exd5 cxd5 4.d4 Nc6 5.cxd5 Qxd5 6.Nf3 Bg4 7.Nc3 Bxf3 8.gxf3 Qxd4
9.Qxd4 Nxd4 10.Nb5 e5 11.Nc7+ Kd7 12.Nxa8 Bb4+ 13.Kd1 Ne7 14.a3 Bd6 15.Be3 Nec6
16.b4 Rxa8 17.b5 Ne7 18.Bd3 f5 19.f4 g6 20.fxe5 Bxe5 21.Rc1 Nd5 22.a4 Nb3
23.Rc4 f4 24.Bd2 Nb6 25.Re4 Nc5 26.a5 Nxe4 27.Bxe4 Nc4 28.Bb4 Rb8 29.Ke2 Nd6
30.Rd1 Ke6 31.Bd5+ Kf5 32.b6 axb6 33.axb6 Ne4 34.Rc1 Nf6 35.Bg2 g5 36.Bf1 Nd7
37.Kf3 g4+ 38.Kg2 f3+ 39.Kg1 h5 40.Bd3+ Kf6 41.Re1 Nxb6 42.Be7+ Kxe7 43.Rxe5+ Kf6
44.Rf5+ Ke6 45.Rxh5 Rd8 46.Bf1 Na4 47.Bc4+ Kf6 48.h3 Rd4  1/2-1/2

[Event "Schaakfestival Open A"]
[Site "Groningen NED"]
[Date "2010.12.27"]
[Round "6"]
[White "Kantans,T"]
[Black "Herman,Ma"]
[Result "0-1"]
[WhiteElo "2342"]
[BlackElo "2149"]

1.c4 c6 2.d4 d5 3.Nc3 Nf6 4.Nf3 e6 5.Bg5 h6 6.Bxf6 Qxf6 7.e3 Nd7 8.Bd3 dxc4
9.Bxc4 g6 10.O-O Bg7 11.Rc1 O-O 12.b4 e5 13.b5 exd4 14.exd4 Nb6 15.Be2 Bf5
16.Qb3 cxb5 17.Qxb5 Rfd8 18.Rfd1 Qe7 19.Qa5 Bf8 20.Ne5 Qa3 21.Qb5 Rxd4 22.Nb1 Rxd1+
23.Rxd1 Qxa2 24.Bf3 Rc8 25.Qf1 Bc2 26.Re1 Bb4 27.Rc1 Rc5 28.Ng4 Bd3  0-1

[Event "Czech Chess Christmas 2010-11"]
[Site "Litomysl CZE"]
[Date "2010.12.27"]
[Round "2.2"]
[White "Bernasek,J"]
[Black "Chladek,Va"]
[Result "1-0"]
[WhiteElo "2490"]
[BlackElo "2099"]

1.c4 c6 2.Nf3 Nf6 3.Nc3 d5 4.e3 a6 5.Qc2 e6 6.d4 Be7 7.Bd3 Nbd7 8.O-O O-O
9.b3 Re8 10.Bb2 Bd6 11.e4 dxe4 12.Nxe4 Nxe4 13.Bxe4 Nf8 14.Rad1 Qe7 15.Rfe1 Bd7
16.Bc1 Rac8 17.Bg5 f6 18.Bh4 Qf7 19.Bg3 Be7 20.c5 Red8 21.Bd3 Be8 22.Qc3 Qh5
23.Nd2 Rd7 24.Nc4 Bd8 25.Nd6 Ra8 26.Be2 Qg6 27.Bc4 Bf7 28.b4 Bc7 29.Rd2 Bxd6
30.Bxd6 Re8 31.Re3 Qf5 32.h3 g5 33.Bd3 Qd5 34.Be4 Rxd6 35.Bxd5 Rxd5 36.h4 gxh4
37.Re4 Ng6  1-0

[Event "27th Christmas Open"]
[Site "Geneva SUI"]
[Date "2010.12.28"]
[Round "4"]
[White "Bacrot,E"]
[Black "Fargere,Fr"]
[Result "1/2-1/2"]
[WhiteElo "2715"]
[BlackElo "2506"]

1.c4 c6 2.e4 d5 3.exd5 cxd5 4.d4 Nf6 5.Nc3 e6 6.Nf3 Bb4 7.cxd5 Nxd5 8.Qc2 Nc6
9.a3 Ba5 10.Bd3 h6 11.O-O O-O 12.Bh7+ Kh8 13.Be4 Nce7 14.Rd1 Bd7 15.Ne5 Rc8
16.Bd2 Bc6 17.Nxc6 Nxc6 18.Qd3 Nf6 19.b4 Bb6 20.Be3 Nxe4 21.Nxe4 Qd5 22.Nc3 Qh5
23.Ne2 Ne7 24.Nf4 Qf5 25.d5 Ra8  1/2-1/2

[Event "Hastings Masters 2010-11"]
[Site "Hastings ENG"]
[Date "2010.12.28"]
[Round "1.15"]
[White "Hanssen,G"]
[Black "Anwesh,U"]
[Result "1-0"]
[WhiteElo "2218"]
[BlackElo "2426"]

1.c4 c6 2.Nf3 Nf6 3.d4 d5 4.Qb3 dxc4 5.Qxc4 Bf5 6.g3 e6 7.Bg2 Be7 8.O-O O-O
9.Nc3 Nbd7 10.Re1 Ne4 11.Bf4 Rc8 12.Rad1 b5 13.Qb3 b4 14.Nxe4 Bxe4 15.Ne5 Bxg2
16.Kxg2 Nxe5 17.Bxe5 Qd5+ 18.Qxd5 cxd5 19.Rc1 g5 20.Bc7 f6 21.Rc6 Bd8 22.Rec1 Rxc7
23.Rxc7 Bxc7 24.Rxc7 Rf7 25.Rc8+ Rf8 26.Rc6 Re8 27.Rc7 a5 28.Kf3 h5 29.Ke3 Ra8
30.Kd3 g4 31.e4 dxe4+ 32.Kxe4 a4 33.Kd3 b3 34.a3 Kf8 35.Kc4 Ke8 36.Kb5 Rd8
37.Kxa4 Rxd4+ 38.Kxb3 Kd8 39.Rc2 e5 40.Kc3 Kc7 41.b4 Kb7 42.Rd2 Re4 43.Rd6 f5
44.Rf6 f4 45.gxf4 exf4 46.a4 f3 47.a5 Re2 48.a6+ Ka7 49.Kc4 Rxf2 50.Kb5 Re2
51.Rf7+ Ka8 52.Ka5 h4 53.b5 Re5 54.a7  1-0

[Event "Rilton Cup 2010-11"]
[Site "Stockholm SWE"]
[Date "2010.12.28"]
[Round "2"]
[White "Kudzma,L"]
[Black "Lindgren,P"]
[Result "0-1"]
[WhiteElo "2232"]
[BlackElo "2091"]

1.c4 c6 2.e4 d5 3.exd5 cxd5 4.cxd5 Nf6 5.Bb5+ Nbd7 6.Nc3 g6 7.Nge2 a6 8.Bxd7+ Bxd7
9.Qb3 b5 10.O-O Bg7 11.d3 O-O 12.Ne4 Bc8 13.N2c3 Bb7 14.d6 Nxe4 15.dxe7 Qxe7
16.dxe4 b4 17.Nd1 Qxe4 18.f3 Qe7 19.Be3 a5 20.Re1 Rfe8 21.Bf2 Qg5 22.Rxe8+ Rxe8
23.a3 Re2 24.axb4 Qd2 25.h3 Bd4 26.bxa5 Bxf2+ 27.Nxf2 Rxf2  0-1

[Event "Unna Open 2010"]
[Site "Unna GER"]
[Date "2010.12.29"]
[Round "5.1"]
[White "Naundorf,M"]
[Black "Happel,Hei"]
[Result "0-1"]
[WhiteElo "2125"]
[BlackElo "2284"]

1.c4 c6 2.g3 d5 3.Nf3 dxc4 4.Bg2 b5 5.a4 Bb7 6.b3 cxb3 7.Qxb3 a6 8.O-O e6
9.d4 Nf6 10.Ba3 b4 11.Bb2 c5 12.Nbd2 Nbd7 13.Rfc1 Rc8 14.Qd3 Be7 15.e4 O-O
16.e5 Nd5 17.Ne4 N5b6 18.dxc5 Nxc5 19.Nxc5 Bxc5 20.Qe2 Qe7 21.a5 Nd5 22.Nd2 Rc7
23.Rc4 Nc3 24.Qh5 Rd8 25.Rh4 h6 26.Nb3 Bxg2 27.Kxg2 Qd7 28.Nxc5 Qd5+ 29.Kh3 Rxc5
30.Rxb4 Ne4 31.f4 Nf2+ 32.Kh4 Qg2  0-1

[Event "Rilton Cup 2010-11"]
[Site "Stockholm SWE"]
[Date "2010.12.30"]
[Round "4"]
[White "Astrup,K"]
[Black "Frisk,E"]
[Result "1/2-1/2"]
[WhiteElo "2274"]
[BlackElo "2126"]

1.c4 c6 2.Nf3 d5 3.g3 Bg4 4.Ne5 Bh5 5.Qb3 Qb6 6.Qxb6 axb6 7.cxd5 cxd5 8.Nc3 e6
9.Bg2 Nc6 10.Nf3 Nf6 11.Nb5 Kd7 12.O-O Be7 13.b3 Ne4 14.Bb2 Bf6 15.Bxf6 Nxf6
16.Rfc1 Rhc8 17.Rc2 Bxf3 18.exf3 Nb4 19.Rxc8 Rxc8 20.a3 Nd3 21.Bf1 Ne5 22.Nd4 Ne8
23.f4 Nc6 24.Nf3 Nd6 25.Bd3 h6 26.Kf1 Na5 27.Rb1 Ke7 28.Ke2 Nc6 29.Ke3 Ra8
30.a4 Nb4 31.Nd4 Nxd3 32.Kxd3 Kd7 33.f3 Ra5 34.Kc3 Rc5+ 35.Kd3 Ra5 36.Kc3 Rc5+
37.Kb4 Rc8 38.g4 g5 39.f5 e5 40.Ne2 Rc2 41.Rd1 d4 42.Ng3 Kc6 43.Ne4 Nxe4
44.fxe4 f6 45.h4 gxh4 46.Rh1 Rxd2 47.Rxh4 Rg2 48.Rxh6 Rxg4 49.Rxf6+ Kc7 50.Kc4 Rxe4
51.Kd5 Re3 52.Rf7+ Kb8 53.f6 d3 54.Ke6 e4 55.Rd7 Rf3 56.f7 e3 57.Rxd3 e2
58.Rxf3 e1=Q+ 59.Kf5 Qe7 60.Kg6 Qe6+  1/2-1/2

[Event "Unna Open 2010"]
[Site "Unna GER"]
[Date "2010.12.30"]
[Round "7.6"]
[White "Naundorf,M"]
[Black "Barisch,Florian"]
[Result "1/2-1/2"]
[WhiteElo "2125"]
[BlackElo "1915"]

1.c4 c6 2.g3 d5 3.Nf3 d4 4.Bg2 c5 5.b4 f6 6.O-O e5 7.bxc5 Nc6 8.e3 d3 9.Qa4 Bd7
10.Qb3 Qc8 11.Qxd3 Bxc5 12.Ba3 Bxa3 13.Nxa3 a6 14.c5 Na5 15.Qc3 Qc7 16.d4 e4
17.Nd2 f5 18.d5 Nf6 19.d6 Qd8 20.Nac4 Nxc4 21.Nxc4 O-O 22.Nb6 Rb8 23.a4 Bc6
24.Rfd1 Qe8 25.Qd4 Rd8 26.Rd2 Ng4 27.Nd5 Rf7 28.Qb4 Ne5 29.Nc7 Qd7 30.Qb3 Re8
31.a5 Kh8 32.Rd4 Rf6 33.Rad1 Rd8 34.Nd5 Qf7 35.Qb6 Rd7 36.Nxf6 gxf6 37.Qb1 Qh5
38.Qa1 Kg7 39.Qa2 Bb5 40.R1d2 Ng4 41.h4 Ne5 42.Rb4 Bc6 43.Qe6 Rf7 44.Rbd4 Rd7
45.Rd5 Bxd5 46.Rxd5 Qf7 47.Qxf7+ Kxf7 48.Bf1 Ke6 49.Rd1 Kf7 50.Rb1 Ke6 51.Rb4 Kd5
52.Bh3 Kxc5 53.Rb1 Ng4 54.Rb6 Kd5 55.Bf1 Ne5 56.Bh3 Ke6 57.Bf1 Kd5  1/2-1/2

[Event "Hastings Masters 2010-11"]
[Site "Hastings ENG"]
[Date "2011.01.01"]
[Round "5.33"]
[White "Stewart,Ashley "]
[Black "Almond,R"]
[Result "0-1"]
[WhiteElo "1980"]
[BlackElo "2145"]

1.c4 c6 2.e4 d5 3.exd5 cxd5 4.d4 e6 5.Nc3 Nf6 6.Nf3 Bb4 7.cxd5 Nxd5 8.Qc2 Nc6
9.Bd3 h6 10.O-O O-O 11.a3 Be7 12.Qe2 Nf6 13.Rd1 Qa5 14.Bf4 Rd8 15.b4 Qh5
16.b5 Nb8 17.Be5 Nbd7 18.h3 Nf8 19.Qf1 N8h7 20.Ne2 Ng5 21.Nh2 Nd5 22.Ng3 Qh4
23.Ne2 f6 24.Bg3 Qh5 25.h4 Nh7 26.Be4 Nf8 27.a4 Bd7 28.Rac1 Rac8 29.Bxd5 Qxd5
30.Bc7 Re8 31.Nf4 Qb3 32.Qc4 Qxc4 33.Rxc4 Bd6 34.Rdc1 Rxc7 35.Rxc7 Bxf4 36.R1c2 Bxc7
37.Rxc7 Rb8 38.Nf3 a6 39.Rc5 axb5 40.axb5 b6 41.Rc7 Bxb5 42.Kh2 Bd3 43.Kg3 b5  0-1

[Event "23rd Staufer-Open"]
[Site "Leinzell GER"]
[Date "2011.01.02"]
[Round "2"]
[White "Loos,U"]
[Black "Overbeck,T"]
[Result "0-1"]
[WhiteElo "2067"]
[BlackElo "2310"]

1.c4 c6 2.Nf3 d5 3.g3 Nf6 4.Bg2 Bg4 5.cxd5 cxd5 6.Qb3 Bxf3 7.Bxf3 Qd7 8.d4 Nc6
9.e3 e6 10.O-O Be7 11.Nc3 O-O 12.Bd2 Rfc8 13.Na4 b6 14.Rfc1 Ne4 15.Be1 Nd6
16.Be2 Qb7 17.Rc2 Rc7 18.Rac1 Rac8 19.Qd3 g6 20.Qd1 Nd8 21.Rxc7 Rxc7 22.Rxc7 Qxc7
23.Bd3 Nc6 24.Qc2 Qd7 25.b3 f6 26.Qe2 Kf7 27.Nc3 Kg7 28.Bb1 Nf7 29.Kg2 f5
30.f4 Nd6 31.Nd1 Ne4 32.Bxe4 dxe4 33.Qc4 Nd8 34.Bc3 Kf7 35.Bb2 Qc6 36.Qc3 Qb5
37.Kf2 Nc6 38.Qc4 Qxc4 39.bxc4 Na5 40.c5 bxc5 41.Bc3 Nc4 42.Ke2 Ke8 43.Nf2 Bf6
44.g4 Kd7 45.Nd1 cxd4 46.exd4 Kd6 47.g5 Bd8 48.Bb4+ Kc6 49.Bc5 Bb6 50.Bxb6 Nxb6  0-1

[Event "23rd Staufer-Open"]
[Site "Leinzell GER"]
[Date "2011.01.02"]
[Round "2"]
[White "Pribyl,Jo"]
[Black "Wenninger,P"]
[Result "1-0"]
[WhiteElo "2331"]
[BlackElo "2104"]

1.c4 c6 2.Nf3 d5 3.b3 Nf6 4.g3 g6 5.Bb2 Bg7 6.Bg2 O-O 7.O-O Nbd7 8.d4 Re8
9.Nbd2 dxc4 10.Nxc4 Ne4 11.Qc2 Nd6 12.Rad1 Nf6 13.Nh4 Nxc4 14.bxc4 Qa5 15.e4 Bg4
16.Rd3 Qh5 17.Re1 g5 18.Nf5 Bxf5 19.exf5 Rad8 20.Rb3 Rd7 21.h3 Red8 22.Rbe3 Kf8
23.Ba3 Ng8 24.d5 Bd4 25.Rb3 c5 26.Bc1 b6 27.a4 Rd6 28.Bd2 Rf6 29.Qe4 Re8
30.Re2 Nh6 31.g4 Qh4 32.Kf1 Ng8 33.f4 gxf4 34.Qxf4 e5 35.dxe6 Rexe6 36.Be1 Qh6
37.g5 Qh5 38.Rxe6 fxe6 39.gxf6 e5 40.Qg4 Qh6 41.Qg7+  1-0

[Event "23rd Staufer-Open"]
[Site "Leinzell GER"]
[Date "2011.01.03"]
[Round "4"]
[White "Miezis,N"]
[Black "Van den Bersselaar,J"]
[Result "1-0"]
[WhiteElo "2546"]
[BlackElo "2217"]

1.c4 c6 2.e4 d5 3.exd5 cxd5 4.cxd5 Nf6 5.Bb5+ Nbd7 6.Nc3 a6 7.Qa4 Rb8 8.Bxd7+ Qxd7
9.Qb3 Qg4 10.Nge2 Qxg2 11.Rg1 Qf3 12.d4 b5 13.Bf4 Rb7 14.Rc1 e6 15.Rg3 Qh5
16.Nxb5 axb5 17.Rxc8+ Kd7 18.Rc7+ Rxc7 19.Qxb5+ Kc8 20.Bxc7 Nxd5 21.Ba5  1-0

[Event "Berkeley Int Open"]
[Site "Berkeley USA"]
[Date "2011.01.04"]
[Round "5"]
[White "Rumph,Todd"]
[Black "Pamatmat,J"]
[Result "0-1"]
[WhiteElo "2165"]
[BlackElo "2100"]

1.c4 c6 2.Nf3 d5 3.b3 Bf5 4.g3 e6 5.Bg2 Nf6 6.Bb2 Nbd7 7.O-O Be7 8.d3 h6
9.Nbd2 O-O 10.a3 a5 11.Rc1 Re8 12.Rc2 Qb6 13.Qa1 c5 14.cxd5 exd5 15.Ne5 Nxe5
16.Bxe5 a4 17.Rb1 axb3 18.Rxb3 Qa6 19.e4 dxe4 20.Nxe4 Nxe4 21.Bxe4 Bxe4 22.dxe4 Bf8
23.Re3 Qa4 24.Rce2 b5 25.Qb2 c4 26.Qd4 Rad8 27.Qc3 Rd1+ 28.Kg2 Red8 29.Bc7 R8d3
30.Qe5 c3 31.Rxd3 Rxd3 32.Bb6 Qd1 33.Re3 c2 34.Rxd3 Qxd3 35.Be3 Qxe3 36.fxe3 c1=Q
37.Qxb5 Qxe3  0-1

[Event "23rd Staufer-Open"]
[Site "Leinzell GER"]
[Date "2011.01.04"]
[Round "5"]
[White "Graf,A"]
[Black "Hoffmeister,F GER"]
[Result "1-0"]
[WhiteElo "2621"]
[BlackElo "2182"]

1.c4 c6 2.e4 d5 3.cxd5 cxd5 4.exd5 Qxd5 5.Nc3 Qd8 6.d4 e6 7.Nf3 Nf6 8.Bc4 Be7
9.O-O O-O 10.Re1 Nc6 11.a3 a6 12.Ba2 b5 13.d5 exd5 14.Nxd5 Nxd5 15.Qxd5 Bb7
16.Qh5 Qd6 17.Bg5 Bxg5 18.Nxg5 Qg6 19.Qxg6 hxg6 20.Rad1 Rad8 21.Nxf7 Rxd1
22.Rxd1 Kh7 23.Rd3 g5 24.Rh3+ Kg6 25.Nh8+  1-0

[Event "23rd Staufer-Open"]
[Site "Leinzell GER"]
[Date "2011.01.04"]
[Round "6"]
[White "Miezis,N"]
[Black "Buhmann,R"]
[Result "1-0"]
[WhiteElo "2546"]
[BlackElo "2572"]

1.c4 c6 2.e4 d5 3.exd5 cxd5 4.cxd5 Nf6 5.Nf3 Nxd5 6.Nc3 Nc6 7.d4 Bg4 8.Be2 e6
9.O-O Be7 10.h3 Bh5 11.Qb3 Nb6 12.Be3 O-O 13.Rfd1 Na5 14.Qb5 Bxf3 15.Bxf3 Nbc4
16.Bc1 Rc8 17.Qa4 a6 18.Qc2 Nd6 19.Qd3 Bf6 20.Bg4 Nc6 21.Be3 Rc7 22.Qe2 Ne7
23.Bf4 Ng6 24.Bh2 Re7 25.Rd3 Rfe8 26.Rad1 Nb5 27.Ne4 Bh4 28.a4 Nc7 29.Nd6 Nd5
30.Nxe8 Ngf4 31.Bxf4 Nxf4 32.Qe5  1-0

[Event "Rilton Cup 2010-11"]
[Site "Stockholm SWE"]
[Date "2011.01.04"]
[Round "8"]
[White "Grandelius,N"]
[Black "Shimanov,A"]
[Result "0-1"]
[WhiteElo "2525"]
[BlackElo "2516"]

1.c4 c6 2.Nf3 d5 3.e3 Nf6 4.Nc3 a6 5.d4 b5 6.b3 Bf5 7.Ne5 h6 8.g4 Bh7 9.Bg2 e6
10.O-O Bd6 11.f4 O-O 12.Qe2 Ne4 13.Nxe4 dxe4 14.cxb5 axb5 15.Qc2 f6 16.Nxc6 Qc8
17.d5 exd5 18.Nd4 Qxc2 19.Nxc2 Rc8 20.Nd4 b4 21.Rd1 Be7 22.Bf1 Bg6 23.Bb2 Na6
24.Bb5 Be8 25.Nf5 Bf8 26.Bxe8 Rxe8 27.Rxd5 Nc5 28.Bd4 Nd3 29.Rd7 Rac8 30.Rf1 Rc2
31.g5 hxg5 32.fxg5 Ra8 33.Ra1 Ra5 34.Ng3 Rxg5 35.Rf1 Rg4 36.Kh1 Rh4 37.Kg1 Rhxh2
38.Nxe4 Rcg2+  0-1

[Event "TCh-BEL 2010-11"]
[Site "Ghent BEL"]
[Date "2011.01.09"]
[Round "6.2"]
[White "Hoffmann,Micha1"]
[Black "Michiels,B"]
[Result "1-0"]
[WhiteElo "2510"]
[BlackElo "2459"]

1.c4 c6 2.e4 d5 3.exd5 cxd5 4.cxd5 Nf6 5.Nc3 Nxd5 6.Nf3 Nc6 7.Bb5 a6 8.Bxc6+ bxc6
9.O-O e6 10.Ne5 Bd6 11.d4 Qc7 12.Nxd5 cxd5 13.Bf4 O-O 14.Rc1 Qb7 15.Qd2 Bd7
16.Nxd7 Qxd7 17.Bxd6 Qxd6 18.Rc5 Rfb8 19.Rfc1 g6 20.h4 h5 21.Rc7 Qf8 22.R1c6 Rc8
23.Rxc8 Rxc8 24.Rxa6 Qe7 25.g3 e5 26.Ra3 exd4 27.Qxd4 Kh7 28.Qxd5 Rc2 29.Rf3 Kg8
30.b4 Re2 31.Kg2 Qe8 32.a4 Re5 33.Qb3 Qd7 34.b5 Qb7 35.Kh2 Re1 36.a5 Re5
37.a6  1-0

[Event "1st HDBank Cup"]
[Site "Ho Chi Minh City VIE"]
[Date "2011.01.09"]
[Round "9.5"]
[White "Xiu,D"]
[Black "Dimakiling,O"]
[Result "1-0"]
[WhiteElo "2508"]
[BlackElo "2432"]

1.c4 c6 2.e4 e5 3.d4 d6 4.Nc3 Qc7 5.Nge2 g6 6.Be3 Nd7 7.Qd2 a6 8.Rc1 Bg7
9.f4 Ngf6 10.h3 O-O 11.g4 b5 12.cxb5 axb5 13.Nxb5 Qb8 14.Nbc3 exd4 15.Nxd4 Nc5
16.Bg2 Ba6 17.Nxc6 Nd3+ 18.Qxd3 Bxd3 19.Nxb8 Raxb8 20.b3 Rfe8 21.Kf2 Nxe4+
22.Nxe4 Bxe4 23.Bxe4 Rxe4 24.Kf3 d5 25.Rhd1 Rbe8 26.Bf2 d4 27.Re1 f5 28.gxf5 gxf5
29.Rg1 Kh8 30.Rc5 Re2 31.Rd5 Rxa2 32.Rd7 Bf6 33.Rf1 Rxf2+ 34.Kxf2 Bh4+  1-0

[Event "9th Parsvnath Open"]
[Site "New Delhi IND"]
[Date "2011.01.12"]
[Round "7"]
[White "Lenic,L"]
[Black "Arun Prasad,S"]
[Result "1-0"]
[WhiteElo "2613"]
[BlackElo "2513"]

1.c4 c6 2.d4 d5 3.Nf3 Nf6 4.e3 e6 5.Bd3 Bd6 6.Nbd2 b6 7.e4 dxe4 8.Nxe4 Nxe4
9.Bxe4 Bb7 10.O-O Nd7 11.Qc2 Qc7 12.Be3 c5 13.dxc5 Bxc5 14.Nd4 Bxe4 15.Qxe4 O-O
16.Bf4 Nf6 17.Qf3 e5 18.Nb5 Qe7 19.Bg5 h6 20.Bxf6 Qxf6 21.Qxf6 gxf6 22.Rad1 Rfd8
23.g3 Kg7 24.Kg2 a5 25.Rfe1 Bb4 26.Rf1 Rac8 27.b3 Bd2 28.Kf3 Bb4 29.Ke2 Bc5
30.Rxd8 Rxd8 31.Nc3 Bd4 32.Rd1 Ra8 33.Nb5 Bc5 34.Nc7 Ra7 35.Nb5 Ra8 36.a3 h5
37.Rd7 Kg6 38.h3 f5 39.h4 Re8 40.Nc7 Re7 41.Rxe7 Bxe7 42.Nd5 Bc5 43.f4 e4
44.b4 axb4 45.axb4 Bg1 46.c5 bxc5 47.b5 c4 48.b6 c3 49.b7 Ba7 50.Nxc3 Kf6
51.Nb5 Bb8 52.Nd4  1-0

[Event "Marienbad Open"]
[Site "Marianske Lazne CZE"]
[Date "2011.01.15"]
[Round "1"]
[White "Brokken,D"]
[Black "Dub,M"]
[Result "1-0"]
[WhiteElo "2304"]
[BlackElo "1938"]

1.c4 c6 2.d4 d5 3.Nc3 Nf6 4.e3 Bf5 5.Qb3 Qd7 6.cxd5 cxd5 7.Nf3 e6 8.Ne5 Qc8
9.Bb5+ Nfd7 10.Bd2 f6 11.Nxd7 Nxd7 12.Rc1 Qd8 13.Ba4 Qb6 14.Nb5 Kd8 15.e4 dxe4
16.Bf4 e5 17.dxe5 fxe5 18.Bg5+ Be7 19.Bxe7+ Kxe7 20.Qb4+ Kf6 21.O-O Rac8
22.Rcd1 Qc5 23.Rd6+ Ke7 24.Qd2 h6 25.Rd5 Qc4 26.Bb3 Qc6 27.Nxa7 Qc7 28.Nxc8+ Rxc8
29.Qb4+ Nc5 30.Rfd1 b6 31.Rd6 Rb8 32.Qc3 Qxd6 33.Rxd6 Kxd6 34.Bc2 Rb7 35.g4 Bxg4
36.b4 Nd3 37.Bxd3 exd3 38.Qxd3+ Kc7 39.Qc4+  1-0